Climate resilience agriculture: Experiences from Kerala (Record no. 55698)

MARC details
000 -LEADER
fixed length control field 00529nam a2200133Ia 4500
100 ## - MAIN ENTRY--AUTHOR NAME
Personal name Prasada Rao G.S.L.H.V
245 #0 - TITLE STATEMENT
Title Climate resilience agriculture: Experiences from Kerala
260 ## - PUBLICATION, DISTRIBUTION, ETC. (IMPRINT)
Name of publisher In: Impact of Climate Change on Plantation Crops. (Eds. K.B. Hebbar., S. Naresh Kumar and P. Chowdappa) Daya Publishing House, Astral International, New Delhi, India, pp.219-235.
500 ## - GENERAL NOTE
General note Source Year: 2017
650 ## - SUBJECT ADDED ENTRY--TOPICAL TERM
Topical Term Climate change
856 ## - ELECTRONIC LOCATION AND ACCESS
Uniform Resource Identifier Book in library
942 ## - ADDED ENTRY ELEMENTS (KOHA)
Koha item type Journals
Holdings
Withdrawn status Lost status Damaged status Not for loan Home library Current library Shelving location Date acquired Koha item type
      Journals RRII Library RRII Library Climate change 01/01/2021 Journals